[Event "South America-ch U20"]
[Site "Chess.com INT"]
[Date "2021.06.19"]
[Round "3"]
[White "Oviedo Acosta, Paula"]
[Black "Tapia Loncon, Andres Saul"]
[Result "0-1"]
[WhiteElo "1637"]
[BlackElo "1890"]
[PlyCount "62"]
[EventDate "2021.06.19"]
[EventType "swiss"]
[EventRounds "7"]
[EventCountry "CHI"]
[SourceTitle "CBM 203 Extra"]
[Source "ChessBase"]
[SourceDate "2021.09.30"]
[SourceVersion "1"]
[SourceVersionDate "2021.09.30"]
[SourceQuality "1"]

1. e4 c5 2. Nf3 Nc6 3. d4 cxd4 4. Nxd4 e6 5. c4 Nf6 6. Nc3 Bb4 7. Qd3 a6 8. Be2 Qc7 9. Bg5 Ne5 10. Qc2 Bxc3+ 11. bxc3 Nxc4 12. 0-0 b6 13. Rab1 Na3 14. Qd3 Nxb1 15. Rxb1 Bb7 16. Bxf6 gxf6 17. Bh5 Qe5 18. Bf3 b5 19. a4 Ke7 20. g3 Rhb8 21. axb5 axb5 22. Qe3 Ba6 23. Be2 b4 24. Bxa6 Rxa6 25. cxb4 Rd6 26. Nf3 Qb5 27. e5 fxe5 28. Nxe5 f6 29. Ng4 Qf5 30. h3 Qxb1+ 31. Kg2 Rxb4 0-1

[Event "South America-ch U20"]
[Site "Chess.com INT"]
[Date "2021.06.19"]
[Round "2"]
[White "Tapia Loncon, Andres Saul"]
[Black "Jaque Gutierrez, Matias"]
[Result "0-1"]
[WhiteElo "1890"]
[BlackElo "2094"]
[PlyCount "98"]
[EventDate "2021.06.19"]
[EventType "swiss"]
[EventRounds "7"]
[EventCountry "CHI"]
[SourceTitle "CBM 203 Extra"]
[Source "ChessBase"]
[SourceDate "2021.09.30"]
[SourceVersion "1"]
[SourceVersionDate "2021.09.30"]
[SourceQuality "1"]

1. g3 c5 2. Bg2 g6 3. e4 Bg7 4. Nc3 Nc6 5. d3 d6 6. f4 e6 7. Nf3 Nge7 8. 0-0 0-0 9. Be3 b6 10. Qd2 d5 11. exd5 exd5 12. Bf2 d4 13. Ne4 h6 14. Ne5 Bb7 15. g4 Nd5 16. Nxc6 Bxc6 17. f5 Ne3 18. f6 Nxf1 19. Rxf1 Bxf6 20. Qxh6 Bxe4 21. Bxe4 Bg5 22. Qh3 Rc8 23. Bg3 Qe7 24. Qg2 c4 25. Kh1 cxd3 26. Bxd3 Be3 27. h4 Kg7 28. h5 Rh8 29. Qd5 Rc5 30. Qf3 gxh5 31. gxh5 Rcxh5+ 32. Kg2 f6 33. Bf5 Rg5 34. Re1 Kf7 35. Rf1 Rhg8 36. Qd5+ Ke8 37. Qa8+ Kf7 38. Qd5+ Kg7 39. Rh1 Rh8 40. Rxh8 Kxh8 41. Qf3 Qg7 42. Bd3 Rg4 43. Kh2 Qh6+ 44. Kg2 Qg5 45. Qa8+ Qg8 46. Qf3 Bf4 47. Bf5 Rxg3+ 48. Qxg3 Qxg3+ 49. Kf1 Be3 0-1

[Event "Online Olym Disabilities"]
[Site "Tornelo INT"]
[Date "2020.11.26"]
[Round "6.7"]
[White "Naveen, Kumar A1111"]
[Black "Tapia Loncon, Andres Saul"]
[Result "1/2-1/2"]
[WhiteElo "2035"]
[BlackElo "1890"]
[PlyCount "137"]
[EventDate "2020.11.21"]
[EventType "team-swiss (rapid)"]
[EventRounds "7"]
[EventCountry "NET"]
[SourceTitle "CBM 199 Extra"]
[Source "ChessBase"]
[SourceDate "2021.01.31"]
[SourceVersion "1"]
[SourceVersionDate "2021.01.31"]
[SourceQuality "1"]
[WhiteTeam "India"]
[BlackTeam "Chile"]
[WhiteTeamCountry "IND"]
[BlackTeamCountry "CHI"]

1. e4 c5 2. Nf3 e6 3. d4 cxd4 4. Nxd4 a6 5. Nc3 b5 6. a3 Bb7 7. Bd3 Nc6 8. Nxc6 Bxc6 9. 0-0 Bc5 10. Qe2 Ne7 11. Kh1 0-0 12. Be3 Bxe3 13. Qxe3 f5 14. f4 Rf6 15. Rad1 Qc7 16. Rd2 Raf8 17. Rdf2 Rh6 18. Ne2 fxe4 19. Bxe4 Qb7 20. Bxc6 Qxc6 21. Ng3 Nf5 22. Nxf5 Rxf5 23. Kg1 Rc5 24. f5 e5 25. c3 Rf6 26. Rd2 d6 27. g4 Rc4 28. Rg2 Qc5 29. Qxc5 Rxc5 30. g5 Rf7 31. f6 g6 32. Re1 Rd7 33. Rg4 Kf7 34. Kf2 Ke6 35. Ke3 a5 36. Kd3 Rd5+ 37. Ke3 Rc7 38. Rf1 Rf7 39. h4 Rc5 40. Rf2 d5 41. a4 bxa4 42. Rxa4 Rb7 43. Kd3 Rcb5 44. b4 axb4 45. Rxb4 e4+ 46. Ke3 Rxb4 47. cxb4 Kf7 48. Rb2 Rb5 49. Kd4 h6 50. Rb3 hxg5 51. hxg5 Ke6 52. Rb2 Rb8 53. b5 Kf5 54. Kxd5 Kxg5 55. b6 Kxf6 56. Kd6 Kf5 57. Rf2+ Kg4 58. Kc7 Rh8 59. b7 Rh7+ 60. Kc6 Rxb7 61. Kxb7 Kg3 62. Rf6 g5 63. Kc6 e3 64. Kd5 e2 65. Re6 Kf2 66. Rxe2+ Kxe2 67. Ke4 g4 68. Kf4 g3 69. Kxg3 1/2-1/2

[Event "South America-ch U16 13th"]
[Site "Santiago de Chile"]
[Date "2016.12.01"]
[Round "1"]
[White "Tapia Loncon, Andres Saul"]
[Black "Inciso Vera, Luis Angel"]
[Result "1/2-1/2"]
[WhiteElo "1815"]
[BlackElo "1447"]
[PlyCount "102"]
[EventDate "2016.12.01"]
[EventType "swiss"]
[EventRounds "9"]
[EventCountry "CHI"]
[SourceTitle "EXT 2018"]
[Source "ChessBase"]
[SourceDate "2017.10.13"]
[SourceVersion "1"]
[SourceVersionDate "2017.10.13"]
[SourceQuality "1"]

1. e4 c6 2. Nc3 d5 3. exd5 cxd5 4. d4 Nf6 5. g3 Bf5 6. Bg2 e6 7. Nge2 Nc6 8. a3 a6 9. 0-0 Bd6 10. Be3 0-0 11. h3 Na5 12. g4 Bg6 13. Nf4 Qc7 14. Nxg6 hxg6 15. Qd3 Rac8 16. Rfc1 Nc4 17. Nd1 Nxe3 18. Nxe3 Bh2+ 19. Kh1 Bf4 20. c3 Qb6 21. b4 Rc7 22. Rc2 Bxe3 23. fxe3 Rfc8 24. Rac1 Rc4 25. e4 dxe4 26. Qe3 Qc7 27. g5 Nd5 28. Qxe4 Qg3 29. Qf3 Qxg5 30. Bf1 R4c7 31. c4 Ne3 32. Rc3 Nxf1 33. Rxf1 Qe7 34. c5 Qd7 35. Rd3 Rd8 36. Kg2 Qd5 37. Re1 Qxf3+ 38. Kxf3 Rcd7 39. Re4 Rd5 40. Ke3 Kf8 41. a4 Ke7 42. b5 f5 43. Re5 Rxe5+ 44. dxe5 Rxd3+ 45. Kxd3 Kd7 46. h4 Kc7 47. Ke3 b6 48. c6 axb5 49. axb5 Kc8 50. Kf4 Kc7 51. Kg5 Kc8 1/2-1/2